[Event "Manyanani"]
[Site "Manyanani"]
[Date "2014.06.16"]
[Round "7"]
[White "Hoossen, Erfaan"]
[Black "Baloyi, Siphiwe"]
[Result "1/2-1/2"]
[WhiteElo "1755"]
[BlackElo "1956"]
[PlyCount "52"]
[EventDate "2014.06.14"]
[EventType "swiss"]
[EventRounds "7"]
[EventCountry "RSA"]
[SourceTitle "EXT 2016"]
[Source "ChessBase"]
[SourceDate "2015.10.08"]
[SourceVersion "1"]
[SourceVersionDate "2015.10.08"]
[SourceQuality "1"]

1. e4 c5 2. Nf3 Nc6 3. d4 cxd4 4. Nxd4 Nf6 5. Nc3 d6 6. Be2 e5 7. Nb3 Be6 8. Be3 Be7 9. Qd2 0-0 10. Rd1 a5 11. 0-0 a4 12. Nc1 Kh8 13. f3 Qa5 14. a3 Na7 15. Nd3 d5 16. Nxd5 Qxd2 17. Rxd2 Bxd5 18. exd5 Nxd5 19. Bxa7 Rxa7 20. Nxe5 Ne3 21. Re1 Bg5 22. Rd7 Nxc2 23. Nxf7+ Kg8 24. Nxg5 Nxe1 25. Bc4+ Kh8 26. Nf7+ Kg8 1/2-1/2